000 00610nam a2200193Ia 4500
005 20250508162544.0
008 008 250505s9999 xx 000 0 eng d
037 _aReference
040 _aFEDL
_beng
_cFEDL
041 _aeng
_2eng
084 _a370.954, IND/RR
_qFEDL
245 0 _aReport of the eduction commission 1964-66: Education and national development
245 0 _cINDIA. Education, (Ministry of...)
260 _aNew Delhi, India
_bMinistry of Education
_c1966
300 _axi, 634p.
546 _a(Photocopy)
942 _cREF
_h370.954, IND/RR
999 _c1377282
_d1377282